00466nam a22001337a 4500003000400000005001700004008004100021040001100062100008300073245012200156250000800278260003900286300000700325OSt20240415163634.0240415b |||||||| |||| 00| 0 eng d cMRSPTU aDr. Shyam Sundar Dipti (ਡਾ. ,ਸਿਆਮ ਸੁੰਦਰ ਦੀਪਤੀ) aBlood Pressure Nu Kabuu Heth Rakho (ਬਲੱਡ ਪ੍ਰੈਸ਼ਰ ਨੂੰ ਕਾਬੂ ਹੇਠ ਰੱਖੋ) a1st aPunjabbTarkbharti Parkashanc1998 a45